01074nam a22002897a 45000050016000000100013000160200023000290200026000520350013000780370012000910820010001031000019001132450090001322600045002223000031002675040066002986000045003646000027004096500055004366500062004916500059005536500058006126500034006706500031007046500025007356500024007602011082505265.0 aB-442729 a0195681150c375.00 a9780195681154c375.00 aB-442729 bRBC/Ven00a891.41 aSethi, Rumina.10aMyths of the nation :bnational identity and literary representation /cRumina Sethi. aNew DelhiaOxford University Pressc2011 axii, 221 p. ;c23 cm. (Hb) aIncludes bibliographical references (p. [199]-215) and index.10aGandhi,cMahatma,d1869-1948xInfluence.00aRaja Rao.tKanthapura. 0aIndic literature (English)xHistory and criticism. 0aNationalism and literaturezIndiaxHistoryy20th century. 0aPolitics and literaturezIndiaxHistoryy20th century. 0aLiterature and historyzIndiaxHistoryy20th century. 0aGroup identity in literature. 0aNationalism in literature. 0aNarration (Rhetoric) 0aMyth in literature.